000 01101nam a2200277Ia 4500
003 OSt
005 20200821132734.0
008 191128s2007 wauad gr 000 0 spa d
020 _a9780821371176
040 _aCo-JMCR
_cCo-JMCR
041 0 _aeng
082 0 4 _a368.4004 /
_bR695f
_223
100 1 _aRudolph, Heinz,
_eautor
_99054
245 1 0 _aFinancial Sector Dimensions of the Colombian Pension System /
_cHeinz Rudolph, Hela Cheikrouhou, Roberto Rocha, Craig Thorburn
260 _aWashington :
_bThe World Bank,
_c2007.
300 _a76 páginas :
_bgráficos a blanco y negro ;
_c26 cm.
504 _aBibliografía : páginas 75-76.
505 0 _aOverview of the Colombian pansion system -- The acumulation phase of the FF system -- The payout phase of the FF system -- The Colombian capital market
546 _aTextos en íngles
650 2 4 _aSistema pensional Colombiano
_99055
650 2 4 _aPensiones colombianas
_99056
700 1 _aCheikrouhou, Hela,
_eautora
_99057
700 1 _aRocha, Roberto,
_eautor
_99058
700 1 _aThorburn, Craig,
_eautor
_99059
942 _2ddc
_cBK
999 _c6045
_d6045